000 00594nam a22001817a 4500
003 UA-OsUOA
001 12579
007 ta
008 20050526b un ||||| |||| 00| 0 ukr d
100 _aСтефанюк І.Б.
942 _cSA
040 _aUA-OsUOA
_cUA-OsUOA
_dUA-OsUOA
245 _aФінансово-господарський контроль в системі управління фінансами
300 _aС.16-18
955 _a0
773 0 _w0
_tЕкономіка , фінанси , право
_dКиїв
_d2005
_g№3
650 7 _aФінансовий контроль
_2UDC
999 _c298740
_d298740